000 00317nam a22001457a 4500
008 210311b ||||| |||| 00| 0 eng d
020 _a2901285447901
041 _aeng
080 _a940
082 _a940
100 _a16
101 _aSHH
245 _aContemporary World History
_cDuiker,W.J
942 _2udc
_cBK
999 _c56309
_d56309